Le Pastaga - Statistiques

Statistiques générales
  • Ce quiz a été pris 91 fois
  • Le résultat moyen est 7 sur 12
Statistiques - réponses
Hint Réponse % Correct
Dégré d'alcool (en general) 45°
89%
Sport le plus souvent associé au pastis Pétanque/Boules
84%
Quelle marque est devenue un antonomase (figure de style consistant à remplacer un nom commun par un nom propre) du pastis ? Ricard
81%
Il ne faut jamais ... un pastis Noyer
66%
Prix d'une bouteille de 70cl de Ricard 15€
63%
Quand s'arrête-on de boire du pastis ? Jamais
63%
A quelle place se situe la bouteille de Ricard de 1L dans les produits les plus vendus en grande surface ? Première
60%
Pays d'ou provient l'ouzo, un autre alcool à base d'anis. Grèce
53%
Prix d'un pastis au Carré 2€
47%
Quelle proportion de pastis pour faire un 153 ? 3/4
43%
Variante connue sous le nom de "la fée verte" Absinthe
40%
Ville d'origine (située dans la vallée du Rhône) Avignon
19%
Aucun quiz correspondant
Distribution des résultats
% des personnes avec chaque résultat
Percentile par nombre de réponses
Votre historique - résultats
Vous n’avez pas pris ce quiz